000 00708nam a2200253Ia 4500
003 OSt
005 20220926014401.0
006 a|||||r|||| 00| 0
007 ta
008 220923b |||||||| |||| 00| 0 eng d
020 _a0070505047
037 _cGeneral Book
040 _aRTL
_cRTL
_beng
041 _2eng
_aeng
082 _aT:3(X5), L5
100 _aPopham Estelle L
_9313609
245 0 _aTeaching learning system for business education
260 _aNew York
_bMcGraw Hill U. S. A.
_c1975
300 _avii, 486p.
_ccm.
650 _a Education
650 _aTeaching Techniques
_9234490
942 _hT:3(X5), L5
_cGB
_2CC
999 _c628905
_d628905